[Event "CZE Junior Championship"]
[Site "Kunzak"]
[Date "2002.02.08"]
[Round "1"]
[White "Dvorak, Tomas"]
[Black "Londyn, Radek"]
[Result "1/2-1/2"]
[WhiteElo "2267"]
[BlackElo "2138"]
[PlyCount "114"]
[EventDate "2002.02.08"]

1. e4 e6 2. d4 d5 3. Nc3 Nf6 4. Bg5 dxe4 5. Nxe4 Be7 6. Bxf6 gxf6 7. g3 f5 8.
Nc3 Bf6 9. Nf3 Nc6 10. Ne2 Qd6 11. c3 Bd7 12. Bg2 Ne7 13. O-O Bc6 14. b4 Ng6
15. a4 Rd8 16. Qb3 h5 17. Rad1 Be4 18. Ne1 h4 19. f3 Bc6 20. b5 Bd7 21. f4 hxg3
22. hxg3 c5 23. Bxb7 Qb6 24. Bg2 e5 25. fxe5 Be6 26. Qc2 cxd4 27. cxd4 Bg5 28.
Bc6+ Kf8 29. Nf3 Be3+ 30. Kg2 f4 31. Rh1 Rg8 32. Qc5+ Ne7 33. Qxb6 axb6 34. Be4
Bb3 35. Rb1 Bc4 36. Rhe1 Bxe2 37. Rxe2 Rxg3+ 38. Kh1 Nd5 39. Bxd5 Rxd5 40. Rf1
Bxd4 41. Rd2 Rh3+ 42. Kg2 Rg3+ 43. Kh2 Rxf3 44. Rxf3 Bg1+ 45. Kxg1 Rxd2 46.
Rxf4 Ke7 47. Rf6 Ra2 48. Rxb6 Rxa4 49. Rc6 Rb4 50. Rc5 Rb2 51. Kf1 f6 52. exf6+
Kxf6 53. Ke1 Ke6 54. Kd1 Kd6 55. Rh5 Kc7 56. Kc1 Rb4 57. Kc2 Kb6 1/2-1/2

[Event "CZE Junior Championship"]
[Site "Kunzak"]
[Date "2002.02.08"]
[Round "1"]
[White "Jirka, Jiri"]
[Black "Mach, Petr"]
[Result "1-0"]
[WhiteElo "2339"]
[BlackElo "2258"]
[PlyCount "63"]
[EventDate "2002.02.08"]

1. d4 Nf6 2. c4 g6 3. g3 Bg7 4. Bg2 O-O 5. Nc3 d6 6. Nf3 c6 7. O-O Qa5 8. h3
Be6 9. Nd2 Qa6 10. d5 cxd5 11. cxd5 Bd7 12. e4 b5 13. Re1 Rc8 14. Nb3 b4 15.
Ne2 Qb7 16. Be3 a5 17. f4 a4 18. Nbd4 Na6 19. Nc6 Rxc6 20. dxc6 Bxc6 21. Rc1
Bxe4 22. Bxe4 Nxe4 23. Bd4 e5 24. fxe5 Ng5 25. exd6 Nf3+ 26. Kf2 Bxd4+ 27. Nxd4
Nxe1 28. Nc6 Re8 29. d7 Qb6+ 30. Qd4 Nd3+ 31. Kf1 Qxd4 32. dxe8=Q+ 1-0

[Event "CZE Junior Championship"]
[Site "Kunzak"]
[Date "2002.02.08"]
[Round "1"]
[White "Ciprys, Martin"]
[Black "Laznicka, Viktor"]
[Result "1/2-1/2"]
[WhiteElo "2111"]
[BlackElo "2164"]
[PlyCount "100"]
[EventDate "2002.02.08"]

1. e4 e6 2. d4 d5 3. Nc3 Nf6 4. e5 Nfd7 5. f4 c5 6. Nf3 Nc6 7. Be3 a6 8. Qd2 b5
9. dxc5 Bxc5 10. Nd4 Qb6 11. O-O-O O-O 12. Bg1 Bb7 13. Kb1 Nxd4 14. Bxd4 Bxd4
15. Qxd4 Qxd4 16. Rxd4 f6 17. exf6 gxf6 18. Rd1 b4 19. Ne2 e5 20. Ng3 Nc5 21.
Be2 Rad8 22. Nf5 d4 23. Rhe1 Kh8 24. Bc4 Bc8 25. Ne7 Rfe8 26. Nc6 Rd6 27. Nxb4
Bb7 28. Nd3 Nxd3 29. cxd3 Bxg2 30. fxe5 fxe5 31. Rg1 Bb7 32. Rde1 h6 33. Rg4
Rf6 34. b4 Rf2 35. h4 Kh7 36. a4 Bc8 37. Rge4 Rf5 38. b5 axb5 39. axb5 Bb7 40.
R4e2 Re7 41. Rg1 e4 42. dxe4 Rf4 43. e5 Rxh4 44. e6 Rh3 45. Kb2 Rc3 46. Rc2 Rf3
47. Rd2 Rf4 48. Kb3 h5 49. Bd3+ Be4 50. Bc4 Bf5 1/2-1/2

[Event "CZE Junior Championship"]
[Site "Kunzak"]
[Date "2002.02.08"]
[Round "1"]
[White "Cernousek, Lukas"]
[Black "Vaculik, Martin"]
[Result "1-0"]
[WhiteElo "2270"]
[BlackElo "2234"]
[PlyCount "67"]
[EventDate "2002.02.08"]

1. e4 c5 2. Nf3 e6 3. d4 cxd4 4. Nxd4 Nf6 5. Nc3 d6 6. Be2 Be7 7. f4 O-O 8. O-O
a6 9. Be3 Qc7 10. g4 Re8 11. g5 Nfd7 12. Bd3 g6 13. Qe1 Bf8 14. Qh4 Bg7 15. Rf3
Nc6 16. Nde2 b5 17. Raf1 Nf8 18. a3 Rb8 19. f5 gxf5 20. exf5 exf5 21. Nd5 Ng6
22. Nxc7 Nxh4 23. Nxe8 Nxf3+ 24. Rxf3 Bxb2 25. Nf6+ Kg7 26. Rh3 Bxf6 27. gxf6+
Kxf6 28. Rxh7 Be6 29. Rh6+ Ke7 30. Ng3 Rg8 31. Kf2 Ne5 32. Nxf5+ Ke8 33. Rh5
Ng4+ 34. Ke2 1-0

[Event "CZE Junior Championship"]
[Site "Kunzak"]
[Date "2002.02.08"]
[Round "1"]
[White "Kanovsky, David"]
[Black "Bernasek, Jan"]
[Result "0-1"]
[WhiteElo "2252"]
[BlackElo "2259"]
[PlyCount "104"]
[EventDate "2002.02.08"]

1. e4 c5 2. Nf3 a6 3. d4 cxd4 4. Nxd4 e6 5. Bd3 Bc5 6. Nb3 Ba7 7. Qe2 Nc6 8.
Be3 Nge7 9. Nc3 d6 10. O-O-O b5 11. Bxa7 Rxa7 12. Qe3 O-O 13. e5 d5 14. Ne2 Qc7
15. f4 b4 16. Ned4 Bd7 17. Rhe1 Rc8 18. g4 Nxd4 19. Nxd4 Bb5 20. Re2 Bxd3 21.
Rxd3 Qc4 22. b3 Qc5 23. f5 Nc6 24. f6 Nxd4 25. Rxd4 a5 26. Rd3 Qxe3+ 27. Rexe3
Rac7 28. Re2 gxf6 29. exf6 Rc3 30. Rd4 h6 31. h4 R8c5 32. g5 Rg3 33. Re5 hxg5
34. hxg5 Rg2 35. Rd2 Rxd2 36. Kxd2 Kh7 37. Re3 Kg6 38. Rg3 Rc8 39. a3 bxa3 40.
Rg4 Rc5 41. Kd3 e5 42. c3 a2 43. Rg1 Rb5 44. Kc2 e4 45. Kb2 a4 46. b4 d4 47.
cxd4 Rxb4+ 48. Kxa2 Rxd4 49. Kb2 e3 50. Kc3 Rd6 51. Kb4 e2 52. Re1 Rd4+ 0-1

[Event "CZE Junior Championship"]
[Site "Kunzak"]
[Date "2002.02.09"]
[Round "2"]
[White "Londyn, Radek"]
[Black "Bernasek, Jan"]
[Result "0-1"]
[WhiteElo "2138"]
[BlackElo "2259"]
[PlyCount "72"]
[EventDate "2002.02.08"]

1. e4 c5 2. Nf3 e6 3. d4 cxd4 4. Nxd4 a6 5. Bd3 Nc6 6. Nxc6 dxc6 7. O-O e5 8.
Qe2 Nf6 9. h3 Bc5 10. Nd2 O-O 11. Nb3 Ba7 12. a4 Be6 13. a5 Qe7 14. Be3 Bxe3
15. Qxe3 Bxb3 16. cxb3 Rad8 17. Rfd1 Rd4 18. Bc2 Rfd8 19. Rxd4 Rxd4 20. Ra4 Rd6
21. Rc4 Qd8 22. b4 Rd2 23. Kh2 g6 24. g3 h5 25. Kg2 h4 26. g4 Nh7 27. Qc5 Qf6
28. Qe3 Qg5 29. Qxg5 Nxg5 30. Rc3 Ne6 31. b3 Rd4 32. Rc4 Nf4+ 33. Kf3 Rd6 34.
Rc3 Nxh3 35. g5 Nf4 36. Kg4 h3 0-1

[Event "CZE Junior Championship"]
[Site "Kunzak"]
[Date "2002.02.09"]
[Round "2"]
[White "Vaculik, Martin"]
[Black "Bernard, Borek"]
[Result "1/2-1/2"]
[WhiteElo "2234"]
[BlackElo "2347"]
[PlyCount "42"]
[EventDate "2002.02.08"]

1. c4 Nf6 2. g3 c6 3. Bg2 d5 4. cxd5 cxd5 5. Nf3 Nc6 6. O-O Bg4 7. d4 e6 8. Nc3
Be7 9. Ne5 Nxe5 10. dxe5 Nd7 11. Qa4 Bh5 12. e4 dxe4 13. Nxe4 O-O 14. Nd6 Nxe5
15. Nxb7 Qd3 16. Be3 Rac8 17. Qb3 Qa6 18. Rfc1 Be2 19. Nc5 Qa5 20. Nb7 Qa6 21.
Nc5 Qa5 1/2-1/2

[Event "CZE Junior Championship"]
[Site "Kunzak"]
[Date "2002.02.09"]
[Round "2"]
[White "Laznicka, Viktor"]
[Black "Cernousek, Lukas"]
[Result "1-0"]
[WhiteElo "2164"]
[BlackElo "2270"]
[PlyCount "59"]
[EventDate "2002.02.08"]

1. e4 c5 2. Nf3 d6 3. d4 cxd4 4. Nxd4 Nf6 5. Nc3 g6 6. Be3 Bg7 7. f3 O-O 8. Bc4
Nc6 9. Qd2 Bd7 10. O-O-O Rc8 11. Bb3 Ne5 12. Kb1 Nc4 13. Bxc4 Rxc4 14. g4 Qa5
15. Nb3 Qa6 16. e5 Ne8 17. Nd5 Bxe5 18. Nxe7+ Kh8 19. h4 Ng7 20. h5 gxh5 21.
Bh6 Re8 22. Nd5 Rec8 23. c3 Be6 24. f4 Bxg4 25. fxe5 Bf5+ 26. Kc1 Qxa2 27.
Bxg7+ Kxg7 28. Qg5+ Bg6 29. Qf6+ Kf8 30. Qh8# 1-0

[Event "CZE Junior Championship"]
[Site "Kunzak"]
[Date "2002.02.09"]
[Round "2"]
[White "Mach, Petr"]
[Black "Ciprys, Martin"]
[Result "1/2-1/2"]
[WhiteElo "2258"]
[BlackElo "2111"]
[PlyCount "33"]
[EventDate "2002.02.08"]

1. e4 c5 2. Nf3 Nc6 3. Nc3 g6 4. Bc4 e6 5. O-O Bg7 6. Re1 d6 7. d3 Nge7 8. Bg5
h6 9. Be3 O-O 10. Bb3 Nd4 11. Ne2 Nxe2+ 12. Rxe2 b6 13. c3 Bb7 14. Nd2 d5 15.
exd5 Nxd5 16. f4 Qc7 17. Qf1 1/2-1/2

[Event "CZE Junior Championship"]
[Site "Kunzak"]
[Date "2002.02.09"]
[Round "2"]
[White "Dvorak, Tomas"]
[Black "Jirka, Jiri"]
[Result "0-1"]
[WhiteElo "2267"]
[BlackElo "2339"]
[PlyCount "58"]
[EventDate "2002.02.08"]

1. e4 e5 2. Nf3 Nc6 3. Bb5 Nd4 4. Ba4 Nxf3+ 5. Qxf3 Qf6 6. d3 Qxf3 7. gxf3 c6
8. f4 d6 9. fxe5 dxe5 10. f4 Bd6 11. fxe5 Bxe5 12. c3 Nf6 13. Nd2 Bc7 14. Nf3
Bg4 15. Kf2 Bh3 16. Ng5 Bd7 17. Kg2 h6 18. Nf3 O-O-O 19. Bc2 Nh5 20. Rf1 g5 21.
Nd4 Bf4 22. Ne2 Bxc1 23. Raxc1 Bg4 24. Ng1 Nf4+ 25. Kh1 Nxd3 26. Bxd3 Rxd3 27.
Rxf7 Rd2 28. Re1 Rxb2 29. e5 Be6 0-1

[Event "CZE Junior Championship"]
[Site "Kunzak"]
[Date "2002.02.10"]
[Round "3"]
[White "Jirka, Jiri"]
[Black "Londyn, Radek"]
[Result "1-0"]
[WhiteElo "2339"]
[BlackElo "2138"]
[PlyCount "63"]
[EventDate "2002.02.08"]

1. d4 e6 2. c4 b6 3. Nc3 Bb7 4. a3 f5 5. d5 Nf6 6. Nf3 g6 7. Bf4 Nh5 8. Be5 Bg7
9. dxe6 dxe6 10. Nb5 Bxe5 11. Qxd8+ Kxd8 12. Nxe5 Rf8 13. O-O-O+ Kc8 14. Nd4
Ng7 15. h4 a6 16. b4 c6 17. c5 a5 18. Nc4 Nd7 19. Nb3 a4 20. Rxd7 Kxd7 21.
Nxb6+ Kc7 22. Nxa8+ Rxa8 23. Na5 e5 24. Nc4 e4 25. e3 Nh5 26. Nb6 Rd8 27. Be2
Nf6 28. Rd1 Rxd1+ 29. Kxd1 Bc8 30. Nxa4 Be6 31. Kd2 Nd7 32. Kc3 1-0

[Event "CZE Junior Championship"]
[Site "Kunzak"]
[Date "2002.02.10"]
[Round "3"]
[White "Ciprys, Martin"]
[Black "Dvorak, Tomas"]
[Result "1-0"]
[WhiteElo "2111"]
[BlackElo "2267"]
[PlyCount "139"]
[EventDate "2002.02.08"]

1. e4 c5 2. Nf3 d6 3. d4 cxd4 4. Nxd4 Nf6 5. Nc3 a6 6. Be2 e5 7. Nb3 Be7 8. O-O
O-O 9. Bg5 Nbd7 10. a4 b6 11. Bc4 Bb7 12. Bxf6 Nxf6 13. Qe2 Qc7 14. Rad1 Rfc8
15. Nd2 Qc5 16. Rfe1 Qb4 17. Bb3 Rc7 18. Kh1 Bf8 19. f3 Bc8 20. Na2 Qc5 21. Nc1
b5 22. axb5 axb5 23. Nd3 Qb6 24. Nb4 Be6 25. Qe3 Qb7 26. c3 Rd8 27. Nd5 Nxd5
28. exd5 Bxd5 29. Bc2 g6 30. Ne4 Bxe4 31. Bxe4 d5 32. Bb1 Bg7 33. Ba2 Rcd7 34.
f4 d4 35. cxd4 Rxd4 36. Rxd4 exd4 37. Qd3 Qd7 38. Bb1 Re8 39. Rd1 Qg4 40. Qf1
Qe2 41. Bd3 Qxf1+ 42. Rxf1 Re3 43. Rd1 Kf8 44. Kg1 Ke7 45. Rd2 b4 46. b3 Kd6
47. Kf2 f5 48. g3 Bf6 49. Rd1 Kd5 50. Rd2 Kd6 51. Rd1 h6 52. h4 Kd5 53. Rd2 Bd8
54. Bc4+ Ke4 55. Re2 Bxh4 56. gxh4 Rxe2+ 57. Kxe2 Kxf4 58. Kd3 Ke5 59. Ba6 g5
60. hxg5 hxg5 61. Bb7 f4 62. Bf3 Kf5 63. Kxd4 g4 64. Bc6 f3 65. Ke3 Kg5 66. Be4
Kh4 67. Kf4 f2 68. Bg2 Kh5 69. Kg3 Kg5 70. Kxf2 1-0

[Event "CZE Junior Championship"]
[Site "Kunzak"]
[Date "2002.02.10"]
[Round "3"]
[White "Cernousek, Lukas"]
[Black "Mach, Petr"]
[Result "1-0"]
[WhiteElo "2270"]
[BlackElo "2258"]
[PlyCount "79"]
[EventDate "2002.02.08"]

1. e4 c5 2. Nf3 d6 3. d4 cxd4 4. Nxd4 Nf6 5. Nc3 a6 6. Be2 e5 7. Nb3 Be6 8. f4
exf4 9. Bxf4 Nc6 10. O-O Be7 11. Qe1 Ne5 12. Rd1 Qb6+ 13. Kh1 Ng6 14. Bc1 O-O
15. Nd4 Rac8 16. Nf5 Bxf5 17. Rxf5 Qc6 18. Bf3 Qb6 19. Qg3 Rxc3 20. bxc3 Rc8
21. Qe1 Nd7 22. Rfd5 Nge5 23. Be2 Nf6 24. R5d4 Qc6 25. Bg5 h6 26. Bxf6 Bxf6 27.
Rxd6 Qxe4 28. Bd3 Qxe1+ 29. Rxe1 Kf8 30. Be4 Be7 31. Bxb7 Rc7 32. Rxa6 f6 33.
Bd5 Bc5 34. a4 Ba7 35. h3 Bf2 36. Rb1 Ke7 37. Rb7 Rxb7 38. Bxb7 Nc4 39. Be4 Nd6
40. Bd3 1-0

[Event "CZE Junior Championship"]
[Site "Kunzak"]
[Date "2002.02.10"]
[Round "3"]
[White "Bernard, Borek"]
[Black "Laznicka, Viktor"]
[Result "1/2-1/2"]
[WhiteElo "2347"]
[BlackElo "2164"]
[PlyCount "61"]
[EventDate "2002.02.08"]

1. e4 e6 2. Qe2 c5 3. g3 Nc6 4. c3 g6 5. Bg2 Bg7 6. f4 Nge7 7. Nf3 O-O 8. O-O
d6 9. d3 b5 10. a3 a5 11. Be3 Bb7 12. Qc2 Qd7 13. Nbd2 f5 14. Rfe1 Rac8 15. Bf2
Kh8 16. a4 Ba6 17. axb5 Bxb5 18. exf5 Nxf5 19. Nc4 Rb8 20. Nxa5 Nxa5 21. Rxa5
Bc6 22. Re2 Qb7 23. Ne1 e5 24. Bxc6 Qxc6 25. Qa4 Qd5 26. Qe4 Qf7 27. Ng2 Rbe8
28. Qc6 Rc8 29. Qe4 Rce8 30. Qc6 Rc8 31. Qe4 1/2-1/2

[Event "CZE Junior Championship"]
[Site "Kunzak"]
[Date "2002.02.10"]
[Round "3"]
[White "Kanovsky, David"]
[Black "Vaculik, Martin"]
[Result "1/2-1/2"]
[WhiteElo "2252"]
[BlackElo "2234"]
[PlyCount "38"]
[EventDate "2002.02.08"]

1. e4 e6 2. d4 d5 3. Nd2 Nf6 4. e5 Nfd7 5. Bd3 c5 6. c3 Nc6 7. Ne2 cxd4 8. cxd4
f6 9. exf6 Qxf6 10. Nf3 h6 11. a3 Bd6 12. Bc2 O-O 13. O-O Rd8 14. Nc3 Nf8 15.
Re1 Bd7 16. b4 Rac8 17. Na4 b6 18. Bb2 Be8 19. Ne5 Qg5 1/2-1/2

[Event "CZE Junior Championship"]
[Site "Kunzak"]
[Date "2002.02.11"]
[Round "4"]
[White "Vaculik, Martin"]
[Black "Bernasek, Jan"]
[Result "1/2-1/2"]
[WhiteElo "2234"]
[BlackElo "2259"]
[PlyCount "110"]
[EventDate "2002.02.08"]

1. e4 c5 2. Nf3 e6 3. d4 cxd4 4. Nxd4 Nf6 5. Nc3 Bb4 6. e5 Nd5 7. Bd2 Nxc3 8.
bxc3 Qh4 9. cxb4 Qxd4 10. f4 b6 11. c3 Qe4+ 12. Qe2 Bb7 13. Qxe4 Bxe4 14. b5 d5
15. exd6 Kd7 16. c4 Kxd6 17. Rd1 Kc7 18. Bc3 Nd7 19. Be2 Rad8 20. Bf3 Bxf3 21.
gxf3 Rhg8 22. Rg1 g6 23. Ke2 Nc5 24. Bf6 Rxd1 25. Rxd1 a6 26. Be5+ Kb7 27. a4
Ra8 28. h4 axb5 29. axb5 Ra2+ 30. Ke3 Rc2 31. Rd8 Rxc4 32. Rb8+ Ka7 33. Rf8 Rb4
34. Rxf7+ Ka8 35. Rxh7 Rxb5 36. Rg7 Rb1 37. Rxg6 Rh1 38. Rh6 Kb7 39. h5 b5 40.
Rh8 b4 41. h6 Nd7 42. Bd4 Kc6 43. h7 Kd5 44. Bg7 Kd6 45. Kd3 Ke7 46. Bd4 Nf6
47. Bc5+ Kf7 48. Bxb4 Rxh7 49. Rxh7+ Nxh7 50. Bc3 Nf8 51. Ke4 Nd7 52. Bd4 Kg6
53. Be5 Nc5+ 54. Kd4 Nd7 55. Ke4 Nc5+ 1/2-1/2

[Event "CZE Junior Championship"]
[Site "Kunzak"]
[Date "2002.02.11"]
[Round "4"]
[White "Laznicka, Viktor"]
[Black "Kanovsky, David"]
[Result "1-0"]
[WhiteElo "2164"]
[BlackElo "2252"]
[PlyCount "119"]
[EventDate "2002.02.08"]

1. e4 e6 2. d4 d5 3. Nd2 Nf6 4. e5 Nfd7 5. c3 c5 6. f4 Nc6 7. Ndf3 f6 8. Ne2
Be7 9. g3 O-O 10. Bh3 f5 11. O-O h6 12. g4 g6 13. Be3 b5 14. Kh1 Kh7 15. dxc5
Nxc5 16. Bxc5 Bxc5 17. b4 Be7 18. a4 bxa4 19. Qxa4 Bb7 20. Nfd4 Nxd4 21. Nxd4
Qc8 22. Rf3 Bd8 23. gxf5 gxf5 24. Rg1 Bb6 25. Rfg3 Rf7 26. Qd1 Bxd4 27. Qh5 Qf8
28. cxd4 Re8 29. Bf1 Ree7 30. Rg6 Kh8 31. Rxh6+ Rh7 32. Rgg6 Bc8 33. Rf6 Qg8
34. Rxh7+ Rxh7 35. Rh6 Bd7 36. Be2 Qg7 37. Rxh7+ Qxh7 38. Qxh7+ Kxh7 39. Kg2
Kg7 40. Kf3 Kf8 41. Ke3 Kg7 42. Kd2 Kh6 43. Kc3 Be8 44. b5 Bh5 45. Bf1 Bd1 46.
Kb4 Kh5 47. Ka5 Kg4 48. Ka6 Bb3 49. Kxa7 Bc4 50. b6 Bxf1 51. b7 Kxf4 52. b8=Q
Ke3 53. Qd6 f4 54. Qxe6 f3 55. Qxd5 f2 56. e6 Bd3 57. Qg5+ Ke2 58. Qg2 Ke3 59.
e7 Bb5 60. Kb6 1-0

[Event "CZE Junior Championship"]
[Site "Kunzak"]
[Date "2002.02.11"]
[Round "4"]
[White "Mach, Petr"]
[Black "Bernard, Borek"]
[Result "0-1"]
[WhiteElo "2258"]
[BlackElo "2347"]
[PlyCount "96"]
[EventDate "2002.02.08"]

1. e4 c5 2. Nf3 d6 3. d4 cxd4 4. Nxd4 Nf6 5. Nc3 a6 6. Bc4 e6 7. Bb3 Be7 8. O-O
O-O 9. Kh1 b5 10. Re1 Bb7 11. a3 Nc6 12. f4 Nxd4 13. Qxd4 Nd7 14. e5 Nc5 15.
Ba2 dxe5 16. Qxe5 Rc8 17. Qh5 g6 18. Qe2 Bh4 19. Rd1 Qc7 20. b4 Bf6 21. Bb2 Ne4
22. Nxe4 Bxb2 23. Nc5 Bxa1 24. Rxa1 Qe7 25. Qe5 Rxc5 26. bxc5 Rc8 27. Bb3 Qxc5
28. Qxc5 Rxc5 29. a4 b4 30. Rd1 Bd5 31. h3 Kf8 32. Rd4 a5 33. Rd2 Ke7 34. Bxd5
Rxd5 35. Re2 Kd6 36. Kh2 Kc5 37. Kg3 Kc4 38. Kh4 Kc3 39. g4 h6 40. f5 exf5 41.
Rg2 fxg4 42. hxg4 Rd2 43. Rg3+ Kxc2 44. g5 Rd4+ 45. Kh3 h5 46. Rf3 Rd3 47. Kh4
Rd4+ 48. Kh3 b3 0-1

[Event "CZE Junior Championship"]
[Site "Kunzak"]
[Date "2002.02.11"]
[Round "4"]
[White "Dvorak, Tomas"]
[Black "Cernousek, Lukas"]
[Result "0-1"]
[WhiteElo "2267"]
[BlackElo "2270"]
[PlyCount "56"]
[EventDate "2002.02.08"]

1. e4 c5 2. Nf3 d6 3. d4 cxd4 4. Nxd4 Nf6 5. Nc3 g6 6. Be3 Bg7 7. f3 O-O 8. Bc4
Nc6 9. Bb3 Bd7 10. Qe2 Qa5 11. O-O-O Rfc8 12. g4 Ne5 13. Nd5 Nxd5 14. exd5 b5
15. Kb1 Rab8 16. h4 Nc4 17. Bc1 Qb6 18. c3 b4 19. Bxc4 bxc3 20. Nc6 Bxc6 21.
dxc6 Qxc6 22. Bb3 Rxb3 23. axb3 c2+ 24. Ka2 Qc5 25. Bd2 cxd1=Q 26. Rxd1 Qc2 27.
Rb1 Bc3 28. Qd1 Rc6 0-1

[Event "CZE Junior Championship"]
[Site "Kunzak"]
[Date "2002.02.11"]
[Round "4"]
[White "Jirka, Jiri"]
[Black "Ciprys, Martin"]
[Result "1-0"]
[WhiteElo "2339"]
[BlackElo "2111"]
[PlyCount "75"]
[EventDate "2002.02.08"]

1. d4 d5 2. Nf3 e6 3. g3 Nf6 4. Bg2 Nbd7 5. c4 c6 6. O-O Bd6 7. Bf4 Qe7 8. Nc3
O-O 9. Bxd6 Qxd6 10. Nd2 e5 11. cxd5 Nxd5 12. Nxd5 cxd5 13. dxe5 Qxe5 14. b3
Nf6 15. Nf3 Qh5 16. Rc1 Re8 17. Rc7 b6 18. Qd2 Bf5 19. Nd4 Be4 20. f3 Qe5 21.
Rfc1 Bg6 22. Rb7 h6 23. Rcc7 Rac8 24. Rxc8 Rxc8 25. Rxa7 Qb8 26. Ra4 Qc7 27.
Rb4 Nd7 28. Bh3 Re8 29. Bxd7 Qxd7 30. Rxb6 Qa7 31. Rb5 Qd7 32. Rc5 h5 33. a4 h4
34. Qf4 hxg3 35. hxg3 Qh3 36. Rc7 Qh5 37. a5 Ra8 38. b4 1-0

[Event "CZE Junior Championship"]
[Site "Kunzak"]
[Date "2002.02.12"]
[Round "5"]
[White "Ciprys, Martin"]
[Black "Londyn, Radek"]
[Result "1-0"]
[WhiteElo "2111"]
[BlackElo "2138"]
[PlyCount "65"]
[EventDate "2002.02.08"]

1. e4 e6 2. d4 d5 3. Nc3 Nf6 4. e5 Nfd7 5. f4 c5 6. Nf3 a6 7. Be3 Qb6 8. Qd2
Qxb2 9. Rb1 Qa3 10. g4 Nc6 11. Kf2 f6 12. Kg3 fxe5 13. fxe5 cxd4 14. Bxd4 Nxd4
15. Qxd4 Qc5 16. Qd2 Nxe5 17. Nxe5 Bd6 18. Re1 d4 19. Qg5 Qxc3+ 20. Bd3 O-O 21.
Kh3 Bxe5 22. Qxe5 Bd7 23. Qe4 g6 24. Rhf1 Rxf1 25. Rxf1 Rf8 26. Rxf8+ Kxf8 27.
Qxb7 Bb5 28. Qb8+ Ke7 29. Qb7+ Kf6 30. g5+ Kxg5 31. Qe7+ Kf4 32. Qf6+ Ke3 33.
Qg5+ 1-0

[Event "CZE Junior Championship"]
[Site "Kunzak"]
[Date "2002.02.12"]
[Round "5"]
[White "Cernousek, Lukas"]
[Black "Jirka, Jiri"]
[Result "1/2-1/2"]
[WhiteElo "2270"]
[BlackElo "2339"]
[PlyCount "118"]
[EventDate "2002.02.08"]

1. d4 d5 2. Bg5 c5 3. e4 f6 4. Be3 Nc6 5. Bb5 cxd4 6. Qxd4 a6 7. Ba4 b5 8. Qxd5
bxa4 9. Qxc6+ Bd7 10. Qc3 Rc8 11. Qd2 Qc7 12. Ne2 Qxc2 13. O-O Qxd2 14. Nxd2 e5
15. Rac1 Ne7 16. Nc4 Ng6 17. Nb6 Rxc1 18. Rxc1 Be7 19. Nc3 a3 20. b3 Be6 21.
Ncd5 O-O 22. Rc6 Bf7 23. Nc8 Bxd5 24. exd5 Bb4 25. d6 Rd8 26. Bb6 Rd7 27. Bc7
Nf8 28. Ne7+ Kf7 29. Nd5 a5 30. Nb6 Ke6 31. Nxd7 Nxd7 32. Ra6 Nc5 33. Rc6 Nxb3
34. axb3 a2 35. Rc1 Bc3 36. Bxa5 a1=Q 37. Rxa1 Bxa1 38. Bb4 e4 39. Kf1 Be5 40.
Ke2 f5 41. h3 Bd4 42. f3 exf3+ 43. Kxf3 g6 44. Ke2 h5 45. Kf3 Be5 46. h4 Bf6
47. g3 Bd4 48. Ba3 Bf6 49. Bc5 g5 50. hxg5 Bxg5 51. b4 h4 52. b5 Kd5 53. Bb4
hxg3 54. Kxg3 Bf6 55. Kf3 Bd8 56. Ke3 Kc4 57. Ba3 Kxb5 58. Kf4 Kc6 59. Kxf5 Bc7
1/2-1/2

[Event "CZE Junior Championship"]
[Site "Kunzak"]
[Date "2002.02.12"]
[Round "5"]
[White "Bernard, Borek"]
[Black "Dvorak, Tomas"]
[Result "0-1"]
[WhiteElo "2347"]
[BlackElo "2267"]
[PlyCount "82"]
[EventDate "2002.02.08"]

1. e4 c5 2. Nf3 d6 3. d4 cxd4 4. Nxd4 Nf6 5. Nc3 a6 6. f4 e5 7. Nf3 Nbd7 8. Bd3
Be7 9. O-O O-O 10. Kh1 b5 11. a3 Bb7 12. fxe5 dxe5 13. Qe1 Re8 14. Bg5 Nh5 15.
Be3 Bc5 16. Bg5 Be7 17. Be3 Bc5 18. Rd1 Qb6 19. Bc1 Ndf6 20. Qh4 Be3 21. Bxe3
Qxe3 22. Rfe1 Qc5 23. Rf1 Nf4 24. Qf2 Qc7 25. Rd2 Rad8 26. Rfd1 h6 27. Nh4 Rd7
28. g3 Ne6 29. Nf5 Qd8 30. Rf1 Ng5 31. Re2 Rxd3 32. cxd3 Qxd3 33. Nxh6+ Kh7 34.
Qb6 Bxe4+ 35. Nxe4 Qxe2 36. Nxg5+ Kxh6 37. Nxf7+ Kg6 38. Rf2 Qe1+ 39. Kg2 Qe4+
40. Kg1 Kxf7 41. Qxa6 Qd5 0-1

[Event "CZE Junior Championship"]
[Site "Kunzak"]
[Date "2002.02.12"]
[Round "5"]
[White "Kanovsky, David"]
[Black "Mach, Petr"]
[Result "0-1"]
[WhiteElo "2252"]
[BlackElo "2258"]
[PlyCount "104"]
[EventDate "2002.02.08"]

1. e4 c5 2. Nf3 Nc6 3. d4 cxd4 4. Nxd4 Nf6 5. Nc3 e5 6. Ndb5 d6 7. Bg5 a6 8.
Na3 b5 9. Bxf6 gxf6 10. Nd5 f5 11. Bxb5 axb5 12. Nxb5 Ra7 13. Nxa7 Nxa7 14. c3
Bg7 15. Qa4+ Qd7 16. Qc4 Qc6 17. Qxc6+ Nxc6 18. O-O fxe4 19. a4 Be6 20. Nc7+
Kd7 21. Nxe6 Kxe6 22. b4 Rb8 23. Rfb1 Bf6 24. b5 Na5 25. b6 Bd8 26. Rb5 Nc4 27.
a5 Kd7 28. Ra4 Kc6 29. Rbb4 d5 30. Rxc4+ dxc4 31. Rxc4+ Kb5 32. Rxe4 f6 33. f4
exf4 34. Kf2 Kxa5 35. Rxf4 Rxb6 36. Rh4 Rb7 37. Kf3 Rc7 38. Rd4 Rxc3+ 39. Kg4
Bc7 40. g3 Rc5 41. Rd7 h5+ 42. Kh4 Kb6 43. Rh7 Kc6 44. Rxh5 Rxh5+ 45. Kxh5 Kd5
46. Kg6 Ke6 47. Kh5 Bb6 48. g4 Bc7 49. h3 Kf7 50. Kh6 Bf4+ 51. Kh7 Bg5 52. Kh8
Ke6 0-1

[Event "CZE Junior Championship"]
[Site "Kunzak"]
[Date "2002.02.12"]
[Round "5"]
[White "Bernasek, Jan"]
[Black "Laznicka, Viktor"]
[Result "1-0"]
[WhiteElo "2259"]
[BlackElo "2164"]
[PlyCount "113"]
[EventDate "2002.02.08"]

1. d4 Nf6 2. c4 e6 3. Nf3 d5 4. g3 Be7 5. Bg2 O-O 6. O-O Nbd7 7. Qc2 c6 8. Rd1
b6 9. Nbd2 Bb7 10. e4 Rc8 11. e5 Ne8 12. b3 Nc7 13. Bb2 Re8 14. h4 Nf8 15. Nf1
Qd7 16. Ne3 c5 17. Rac1 Red8 18. Ng5 Qe8 19. f4 Ba8 20. Kh2 dxc4 21. Nxc4 cxd4
22. Bxd4 Nd5 23. Qb2 b5 24. Nd6 Bxd6 25. exd6 f6 26. Ne4 Qd7 27. b4 f5 28. Nc5
Qf7 29. a3 Nb6 30. Bxa8 Rxa8 31. Be5 Nc4 32. Qe2 Rac8 33. a4 Nd7 34. Ba1 Ndb6
35. axb5 Rxd6 36. Rxd6 Nxd6 37. Rd1 Ne4 38. Nxe4 fxe4 39. Qxe4 Qf5 40. Qxf5
exf5 41. Rd2 Kf7 42. Ra2 Rc7 43. Be5 Rd7 44. Kg2 Nd5 45. Bb8 Nc3 46. Ra5 Rb7
47. Bxa7 Nxb5 48. Bc5 Nc3 49. Kf3 Ne4 50. Ke3 Nxg3 51. b5 Ke6 52. b6 Kd5 53.
Bd4+ Kc6 54. Kf3 Ne4 55. Rxf5 Nd6 56. Re5 Rd7 57. Bf2 1-0

[Event "CZE Junior Championship"]
[Site "Kunzak"]
[Date "2002.02.13"]
[Round "6"]
[White "Londyn, Radek"]
[Black "Vaculik, Martin"]
[Result "1/2-1/2"]
[WhiteElo "2138"]
[BlackElo "2234"]
[PlyCount "68"]
[EventDate "2002.02.08"]

1. e4 e6 2. d3 c5 3. Nf3 Nc6 4. Be2 g6 5. Bg5 f6 6. Be3 b6 7. O-O Nge7 8. d4
cxd4 9. Nxd4 Bb7 10. Nc3 a6 11. f4 Bg7 12. Nxc6 Bxc6 13. Qd4 b5 14. a4 Rb8 15.
axb5 axb5 16. Qb4 O-O 17. Bc5 Re8 18. Rfd1 f5 19. e5 g5 20. Ra6 gxf4 21. Bh5
Qc8 22. Bxe8 Qxa6 23. Bxd7 Bxd7 24. Bxe7 Bc6 25. Bf6 Qb6+ 26. Kf1 f3 27. g3 Bf8
28. Be7 Bxe7 29. Qxe7 b4 30. Qxe6+ Kh8 31. Qf6+ Kg8 32. Qg5+ Kh8 33. Qf6+ Kg8
34. Qe6+ Kh8 1/2-1/2

[Event "CZE Junior Championship"]
[Site "Kunzak"]
[Date "2002.02.13"]
[Round "6"]
[White "Mach, Petr"]
[Black "Bernasek, Jan"]
[Result "1/2-1/2"]
[WhiteElo "2258"]
[BlackElo "2259"]
[PlyCount "48"]
[EventDate "2002.02.08"]

1. e4 c5 2. Nf3 a6 3. d4 cxd4 4. c3 dxc3 5. Nxc3 d6 6. Bc4 e6 7. O-O Be7 8. Qe2
Nf6 9. Rd1 Nbd7 10. e5 dxe5 11. Nxe5 O-O 12. Bf4 Qe8 13. Bd3 Nxe5 14. Bxe5 Bd7
15. Ne4 Nxe4 16. Bxe4 Bc6 17. Bxh7+ Kxh7 18. Qh5+ Kg8 19. Bxg7 f5 20. Qh8+ Kf7
21. Qh7 Rg8 22. Be5+ Kf8 23. Qh6+ Kf7 24. Qh7+ Kf8 1/2-1/2